000 00832nam a22002777a 4500
001 BR6003234
003 BR-BrBNA
005 20230928083149.0
007 ta
008 230509b bl.||||| |||| 00| 0 por d
040 _aBR-BrBNA
_bpor
_cBiblioteca Nacional de Agricultura
041 _a(Por)
072 _aK50
_b/G514
090 _ K50 BR6003234
100 1 _aCarvalho, W.A.T.
110 1 _aInstituto Nacional de Tecnologia, Rio de Janeiro, GB (Brasil)
_96511
245 1 _aA tecnologia das materias - primas celulosicas brasileiras. Regiao Amazonica [Industria florestal; Brasil]
260 3 _aRio de Janeiro, GB (Brasil):
_c1960.
300 _a64 p.
650 _aIndustria florestal
650 _aCelulose
650 _aMateria prima
650 _aAmazonia
909 _a202309
_bLucia
_c55
_dLucia Elande
942 _cBK
999 _c11916
_d11916